| 000 | 00000nam 2200000za 4500 |
| 001 | 9.846700 |
| 003 | CaOODSP |
| 005 | 20221107153251 |
| 007 | cr ||||||||||| |
| 008 | 171107s1955 onc os f000 0 eng d |
| 040 | |aCaOODSP|beng |
| 043 | |an-cn--- |
| 086 | 1 |aCS82-506/1955E-PDF |
| 245 | 00|aPermanent physical disabilities (national estimates) |h[electronic resource] / |cprepared jointly by the Dominion Bureau of Statistics and the Department of National Health and Welfare. |
| 260 | |aOttawa : |bEdmond Cloutier, Queen's Printer, |c1955. |
| 300 | |a15 p. |
| 490 | 0 |aCanadian sickness survey, 1950-51 : special compilation ; |vno. 6 |
| 500 | |aIssued also in French under title: Infirmités permanentes (estimations nationales). |
| 500 | |aCover title. |
| 500 | |a"February, 1955." |
| 500 | |aDigitized edition from print [produced by Statistics Canada]. |
| 520 | |a“The object of the Canadian Sickness Survey was to obtain estimates of the incidence and prevalence of illness and accidents of all kinds; the amount of medical, nursing, and other health care received; the volume of family expenditures for the various types of health services; and the prevalence of permanent physical disabilities. The present bulletin is one of a series intended to provide a means of releasing interim information on the more important of the results, pending the preparation of a comprehensive publication containing more detailed information together with a fuller description of the methods used"--Introd., p. [5]. |
| 530 | |aIssued also in print format. |
| 692 | 07|2gccst|aPersons with disabilities |
| 692 | 07|2gccst|aPhysical disabilities |
| 692 | 07|2gccst|aStatistics |
| 710 | 1 |aCanada. |bDominion Bureau of Statistics. |
| 710 | 1 |aCanada. |bDept. of National Health and Welfare. |
| 856 | 40|qPDF|s557 KB|uhttps://publications.gc.ca/collections/collection_2017/statcan/CS82-506-1955-eng.pdf |
| 986 | |a82-506 |